| 000 | 00578nam a22001817a 4500 | ||
|---|---|---|---|
| 005 | 20170629154954.0 | ||
| 010 | _aENG-119063 | ||
| 020 |
_a9789382618072 _c445.00 |
||
| 035 | _aEN-102599 | ||
| 037 | _bDBAD/PUB | ||
| 082 | _a332.7095472 | ||
| 100 | _aGorur, Hemanth | ||
| 245 |
_aDoing what is right: _bthe crisil story / _cby Hemanth Gorur [and] Sumit Chowdhury |
||
| 260 |
_aNew Delhi _bWestland ltd _c2012 |
||
| 270 | _a93, 1st Floor, Sham Lal Road, Daryaganj, New Delhi-110002 | ||
| 300 |
_axxiv,135p _c21cm.(Hb) |
||
| 942 |
_2ddc _cEN _h332.7095472 _mGOR |
||
| 999 |
_c142183 _d142183 |
||